Seguridad personal y derechos humanos: aportaciones a un debate desde el contexto argentino /
En el artículo se hace un análisis sobre el concepto de seguridad bajo el marco de derechos humanos, en el contexto argentino en la década de años noventa; en este marco el tema de la seguridad ha tomado fuerza, producto de las transformaciones económicas y sociales, prevaleciendo la seguridad perso...
Zapisane w:
| 1. autor: | |
|---|---|
| Format: | Texto |
| Hasła przedmiotowe: | |
| Etykiety: |
Dodaj etykietę
Nie ma etykietki, Dołącz pierwszą etykiete!
|
MARC
| LEADER | 00000 a a2200000 04500 | ||
|---|---|---|---|
| 001 | 40412 | ||
| 003 | |||
| 040 | |||
| 100 | |a Cid Ferreira, Lucia | ||
| 245 | |a Seguridad personal y derechos humanos: |b aportaciones a un debate desde el contexto argentino / |c Lucia Cid Ferreira | ||
| 520 | 4 | |a En el artículo se hace un análisis sobre el concepto de seguridad bajo el marco de derechos humanos, en el contexto argentino en la década de años noventa; en este marco el tema de la seguridad ha tomado fuerza, producto de las transformaciones económicas y sociales, prevaleciendo la seguridad personal ante frecuente amenaza delictiva y el debilitamiento de los sistemas de seguridad social y de seguridad laboral, los sistemas sanitarios y educativos.Además, se plantea un análisis contradictorio de la seguridad, ubicando la seguridad dentro de los derechos, a través del entendido de la relación entre la actividad humana, necesidades y valores; siendo la seguridad a la vez un derecho y un discurso para la limitación de los derechos. | |
| 590 | |a SJB/AGOSTO2010 | ||
| 650 | |a 1.SEGURIDAD | ||
| 650 | |a 2.DELINCUENCIA | ||
| 650 | |a 3.SISTEMA JUDICIAL | ||
| 650 | |a 4.DERECHOS HUMANOS | ||
| 650 | |a 5.ARGENTINA | ||
| 773 | |g volumen16, número3 ( , 2007), páginas487-512 | ||
| 999 | |c 37473 |d 37473 | ||
